[Event "Titled Tuesday intern op 06th Jun Late"]
[Site "Chess.com INT"]
[Date "2023.06.06"]
[Round "1"]
[White "Medghoul, Sherif"]
[Black "Golubev, Mikhail"]
[Result "1-0"]
[WhiteElo "2148"]
[BlackElo "2461"]
[PlyCount "45"]
[EventDate "2023.06.06"]
[EventType "swiss (blitz)"]
[EventRounds "11"]
[EventCountry "USA"]
[SourceTitle "EXT 2024"]
[Source "ChessBase"]
[SourceDate "2023.10.10"]
[SourceVersion "1"]
[SourceVersionDate "2023.10.10"]
[SourceQuality "1"]

1. d4 Nf6 2. c4 d6 3. Nf3 g6 4. Nc3 Bg7 5. e4 0-0 6. Be2 e5 7. 0-0 h6 8. Re1 exd4 9. Nxd4 Re8 10. f3 Nh5 11. Be3 f5 12. Qd2 f4 13. Bf2 Nd7 14. Rad1 Ne5 15. Nd5 Rf8 16. Nb5 c6 17. Ndc7 cxb5 18. Nxa8 Bd7 19. Qxd6 Qxa8 20. Bd4 Rd8 21. Bxe5 Bxe5 22. Qxe5 Ng7 23. Qe7 1-0

[Event "Titled Tuesday intern op 06th Jun Late"]
[Site "Chess.com INT"]
[Date "2023.06.06"]
[Round "11"]
[White "Ozalp, Burak"]
[Black "Medghoul, Sherif"]
[Result "1-0"]
[WhiteElo "2183"]
[BlackElo "2148"]
[PlyCount "75"]
[EventDate "2023.06.06"]
[EventType "swiss (blitz)"]
[EventRounds "11"]
[EventCountry "USA"]
[SourceTitle "EXT 2024"]
[Source "ChessBase"]
[SourceDate "2023.10.10"]
[SourceVersion "1"]
[SourceVersionDate "2023.10.10"]
[SourceQuality "1"]

1. e4 e6 2. d4 d5 3. exd5 exd5 4. Bd3 Nc6 5. Nf3 Bd6 6. 0-0 Nge7 7. Nc3 Bg4 8. Nb5 Qd7 9. c4 dxc4 10. Bxc4 Bb4 11. h3 Bh5 12. Bf4 Ba5 13. d5 Nb4 14. d6 a6 15. Ne5 Bxd1 16. Bxf7+ Kf8 17. Nxd7+ Kxf7 18. Rfxd1 axb5 19. dxe7 Kxe7 20. a3 Nc6 21. Nc5 Bb6 22. Rd7+ Ke8 23. Re1+ Kf8 24. Ne6+ Ke8 25. Rxg7 Ne7 26. Bxc7 Nf5 27. Ng5+ Kf8 28. Rf7+ Kg8 29. Bxb6 h6 30. Rxf5 hxg5 31. Re7 Rc8 32. Rxb7 Rc2 33. b4 Rh7 34. Rxg5+ Kh8 35. Bd4+ Rg7 36. Rb8+ Kh7 37. Rxg7+ Kh6 38. Rh8# 1-0

[Event "Titled Tuesday intern op 30th May Late"]
[Site "Chess.com INT"]
[Date "2023.05.30"]
[Round "1"]
[White "Medghoul, Sherif"]
[Black "Ezat, Mohamed Mahmoud"]
[Result "1/2-1/2"]
[WhiteElo "2151"]
[BlackElo "2402"]
[PlyCount "103"]
[EventDate "2023.05.30"]
[EventType "swiss (blitz)"]
[EventRounds "11"]
[EventCountry "USA"]
[SourceTitle "CBM 214 Extra"]
[Source "ChessBase"]
[SourceDate "2023.07.31"]
[SourceVersion "1"]
[SourceVersionDate "2023.07.31"]
[SourceQuality "1"]

1. d4 Nf6 2. c4 g6 3. Nc3 Bg7 4. e4 d6 5. Be2 0-0 6. Nf3 e5 7. 0-0 Nc6 8. d5 Ne7 9. b4 c6 10. a4 a5 11. bxa5 c5 12. Ra3 Qxa5 13. Bb2 Ra6 14. Nd2 Qd8 15. Nb5 Nd7 16. g3 f5 17. f4 Nf6 18. Nxd6 Rxd6 19. fxe5 Ng4 20. exd6 Bxb2 21. dxe7 Qxe7 22. Rb3 Bd4+ 23. Kh1 Ne3 24. Qb1 Nxf1 25. Bxf1 fxe4 26. Nxe4 Rxf1+ 27. Qxf1 Qxe4+ 28. Qf3 Bf5 29. Kg2 Qc2+ 30. Kf1 Bh3+ 31. Ke1 Bf2+ 32. Qxf2 Qxb3 33. Qxc5 Qc2 34. Qe7 Qc1+ 35. Ke2 Bg4+ 36. Kd3 Bf5+ 37. Kd4 Qg1+ 38. Ke5 Qe3+ 39. Kd6 Qb6+ 40. Ke5 Qb2+ 41. Kd6 Qb6+ 42. Ke5 Qe3+ 43. Kd6 Qa3+ 44. c5 Qxa4 45. Qd8+ Kf7 46. Qe7+ Kg8 47. Qd8+ Kg7 48. Qe7+ Kh6 49. Qh4+ Kg7 50. Qe7+ Kh6 51. Qh4+ Kg7 52. Qe7+ 1/2-1/2

[Event "Titled Tuesday intern op 30th May Late"]
[Site "Chess.com INT"]
[Date "2023.05.30"]
[Round "10"]
[White "Rodriguez Santiago, Jaime"]
[Black "Medghoul, Sherif"]
[Result "1-0"]
[WhiteElo "2026"]
[BlackElo "2151"]
[PlyCount "43"]
[EventDate "2023.05.30"]
[EventType "swiss (blitz)"]
[EventRounds "11"]
[EventCountry "USA"]
[SourceTitle "CBM 214 Extra"]
[Source "ChessBase"]
[SourceDate "2023.07.31"]
[SourceVersion "1"]
[SourceVersionDate "2023.07.31"]
[SourceQuality "1"]

1. c4 e6 2. Nf3 Nf6 3. g3 d5 4. Bg2 Be7 5. 0-0 0-0 6. b3 b6 7. Bb2 c5 8. e3 Nc6 9. d3 Bb7 10. Qe2 Qd7 11. Nc3 Rfd8 12. Rad1 Rac8 13. Ne1 d4 14. Ne4 Nxe4 15. Bxe4 dxe3 16. fxe3 Nb4 17. Bxh7+ Kf8 18. Rxf7+ Kxf7 19. Qh5+ Kf8 20. Bxg7+ Kxg7 21. Qg6+ Kf8 22. Qg8# 1-0

[Event "FRA-ch Blitz"]
[Site "Orsay"]
[Date "2018.05.12"]
[Round "4.2"]
[White "Lagarde, Maxime"]
[Black "Medghoul, Sherif"]
[Result "1-0"]
[WhiteElo "2659"]
[BlackElo "2370"]
[PlyCount "81"]
[EventDate "2018.05.12"]
[EventType "swiss (blitz)"]
[EventRounds "17"]
[EventCountry "FRA"]
[SourceTitle "EXT 2019"]
[Source "ChessBase"]
[SourceDate "2018.10.10"]
[SourceVersion "1"]
[SourceVersionDate "2018.10.10"]
[SourceQuality "1"]

1. e4 e6 2. d4 d5 3. exd5 exd5 4. Nf3 Nc6 5. c3 Bd6 6. Bd3 Nge7 7. Bg5 f6 8. Bh4 Bf5 9. 0-0 Qd7 10. b4 Bxd3 11. Qxd3 Nf5 12. Nbd2 0-0 13. Nb3 b6 14. a4 Nce7 15. a5 Ng6 16. Bg3 Bxg3 17. hxg3 Nd6 18. Ra2 Ne7 19. Re1 Nef5 20. Rae2 Rfe8 21. g4 Nh6 22. g5 Qf5 23. Qxf5 Nhxf5 24. gxf6 gxf6 25. Nbd2 Kf7 26. a6 Nb5 27. Nb1 c6 28. Kh2 Nc7 29. g4 Nd6 30. g5 Nxa6 31. gxf6 Kxf6 32. Ne5 c5 33. bxc5 bxc5 34. Ra2 Nc7 35. Nd2 cxd4 36. cxd4 Nf5 37. Ndf3 Ne6 38. Ra6 Nfg7 39. Rg1 Ke7 40. Rg4 Reb8 41. Nc6+ 1-0

[Event "Cappelle op 28th"]
[Site "Cappelle la Grande"]
[Date "2012.03.05"]
[Round "4"]
[White "Medghoul, Sherif"]
[Black "Solak, Dragan"]
[Result "0-1"]
[WhiteElo "2149"]
[BlackElo "2602"]
[PlyCount "90"]
[EventDate "2012.03.03"]
[EventType "swiss"]
[EventRounds "9"]
[EventCountry "FRA"]
[SourceTitle "CBM 147 Extra"]
[Source "ChessBase"]
[SourceDate "2012.04.24"]
[SourceVersion "1"]
[SourceVersionDate "2012.04.24"]
[SourceQuality "1"]

1. d4 d6 2. Nf3 g6 3. c4 Bg7 4. Nc3 c5 5. e4 Qa5 6. Be2 Bg4 7. Be3 Bxf3 8. Bxf3 Nc6 9. d5 Nd4 10. 0-0 a6 11. Bf4 Qb4 12. Rb1 Qxc4 13. Re1 Be5 14. Bxe5 dxe5 15. Qa4+ Qxa4 16. Nxa4 0-0-0 17. Nxc5 Nf6 18. Nd3 Nxf3+ 19. gxf3 Nd7 20. Rbc1+ Kb8 21. Kg2 Rc8 22. Kg3 Rxc1 23. Rxc1 Rc8 24. Rxc8+ Kxc8 25. Kg4 f6 26. f4 exf4 27. Kxf4 Kc7 28. Ke3 Kd6 29. Kd4 g5 30. h3 e6 31. dxe6 Kxe6 32. Nc5+ Nxc5 33. Kxc5 Ke5 34. b4 h5 35. Kb6 h4 36. f3 Kf4 37. Kxb7 Kxf3 38. Kxa6 g4 39. b5 gxh3 40. b6 h2 41. b7 h1Q 42. b8Q Qf1+ 43. Ka5 Qe1+ 44. Ka4 Qxe4+ 45. Ka3 Qe3+ 0-1

[Event "Rouen op"]
[Site "Rouen"]
[Date "2009.12.21"]
[Round "5"]
[White "Medghoul, Sherif"]
[Black "Tirard, Hugo"]
[Result "0-1"]
[WhiteElo "2232"]
[BlackElo "2444"]
[PlyCount "156"]
[EventDate "2009.12.19"]
[EventType "swiss"]
[EventRounds "7"]
[EventCountry "FRA"]
[SourceTitle "EXT 2011"]
[Source "ChessBase"]
[SourceDate "2010.11.26"]
[SourceVersion "1"]
[SourceVersionDate "2010.11.26"]
[SourceQuality "1"]

1. d4 Nf6 2. c4 c5 3. d5 b5 4. cxb5 a6 5. bxa6 Bxa6 6. g3 d6 7. Bg2 g6 8. Nc3 Bg7 9. Rb1 Nbd7 10. Nh3 0-0 11. 0-0 Qa5 12. Qc2 Rfb8 13. Rd1 Ne8 14. Bd2 c4 15. Qe4 Ne5 16. Qh4 Nf6 17. Ng5 h5 18. Be3 Nfg4 19. Bd4 Nh6 20. Bh3 Bc8 21. Bxe5 Bxe5 22. Qxc4 Bxh3 23. Nxh3 Rb4 24. Qd3 Rab8 25. Qc2 Nf5 26. e3 Qc5 27. Nf4 Bxf4 28. exf4 Qc8 29. Qe2 h4 30. Ne4 Nd4 31. Qd3 Qg4 32. Ng5 hxg3 33. hxg3 Ne2+ 34. Kf1 Rxb2 35. Rxb2 Rxb2 36. Rd2 Nc1 37. Qc3 Rxd2 38. Qxd2 Qc8 39. Kg2 Qc4 40. Qa5 Kg7 41. a4 Nd3 42. Qb5 Qd4 43. Nh3 Nc5 44. a5 Qxd5+ 45. Kh2 Qa8 46. Ng5 f6 47. Nh3 Kf7 48. Ng1 Qa7 49. Kg2 e6 50. Ne2 Qa8+ 51. f3 Qa6 52. Nc3 Ke7 53. Qb8 Qxa5 54. Nb5 Qd2+ 55. Kh3 Qd1 56. Kh2 Nd7 57. Qb7 Qc2+ 58. Kg1 Qc5+ 59. Kg2 Qb6 60. Qxb6 Nxb6 61. Kf2 Nc4 62. Ke2 d5 63. Kd3 Nd6 64. Nc3 Kd7 65. Nd1 Nf5 66. g4 Nh4 67. Ke2 Ng2 68. f5 exf5 69. gxf5 g5 70. Nf2 Nh4 71. Ng4 Ke7 72. Ne3 d4 73. Nd5+ Kf7 74. f4 g4 75. Kd3 g3 76. Ke2 d3+ 77. Kf1 d2 78. Ne3 Nxf5 0-1

[Event "Cappelle op 25th"]
[Site "Cappelle la Grande"]
[Date "2009.03.02"]
[Round "4"]
[White "Medghoul, Sherif"]
[Black "Agopov, Mikael"]
[Result "1-0"]
[WhiteElo "2195"]
[BlackElo "2433"]
[PlyCount "79"]
[EventDate "2009.02.28"]
[EventType "swiss"]
[EventRounds "9"]
[EventCountry "FRA"]
[SourceTitle "CBM 129 Extra"]
[Source "ChessBase"]
[SourceDate "2009.05.05"]
[SourceVersion "2"]
[SourceVersionDate "2009.05.20"]
[SourceQuality "1"]

1. d4 Nf6 2. c4 g6 3. Nc3 d5 4. cxd5 Nxd5 5. e4 Nxc3 6. bxc3 Bg7 7. Nf3 c5 8. Rb1 0-0 9. Be2 Nc6 10. d5 Ne5 11. Nxe5 Bxe5 12. Rb3 Qc7 13. c4 f5 14. exf5 Bxf5 15. Qd2 Bd4 16. Bb2 e5 17. 0-0 Rf7 18. Kh1 Raf8 19. Bxd4 exd4 20. Bf3 Re8 21. h4 Qd8 22. g3 b6 23. a4 Bd7 24. Ra1 Qf6 25. Ra2 Qf5 26. Kg1 Qe5 27. Be2 Bxa4 28. Rbb2 Qf5 29. Bd3 Qd7 30. h5 Rf6 31. Qg5 Kg7 32. hxg6 hxg6 33. f4 Re3 34. Rh2 Rxd3 35. Qh6+ Kf7 36. Qh7+ Ke8 37. Qg8+ Rf8 38. Qxg6+ Kd8 39. Qxd3 Re8 40. Rae2 1-0

[Event "Cap d'Agde CCAS op"]
[Site "Cap d'Agde"]
[Date "2008.10.27"]
[Round "4"]
[White "Medghoul, Sherif"]
[Black "Philippe, Christophe"]
[Result "0-1"]
[WhiteElo "2208"]
[BlackElo "2458"]
[PlyCount "58"]
[EventDate "2008.10.25"]
[EventType "swiss"]
[EventRounds "9"]
[EventCountry "FRA"]
[SourceTitle "CBM 127 Extra"]
[Source "ChessBase"]
[SourceDate "2009.01.08"]
[SourceVersion "2"]
[SourceVersionDate "2009.01.28"]
[SourceQuality "1"]

1. d4 Nf6 2. Nf3 c5 3. d5 e6 4. c4 b5 5. dxe6 fxe6 6. cxb5 a6 7. bxa6 Bxa6 8. g3 Be7 9. Bg2 Nc6 10. 0-0 0-0 11. Nc3 Qb6 12. Rb1 d5 13. Bh3 Nd4 14. Nxd4 cxd4 15. Na4 Qc6 16. Bf4 Bb5 17. b3 Ne4 18. Qxd4 Bxe2 19. Rfe1 Bb5 20. Rbc1 Bf6 21. Be5 Qa6 22. Bxf6 Rxf6 23. f4 Bxa4 24. bxa4 Qxa4 25. Bxe6+ Rxe6 26. Rc8+ Rxc8 27. Qxa4 Nc3 28. Qd7 Rxe1+ 29. Kf2 Ree8 0-1

[Event "Cappelle op 24th"]
[Site "Cappelle la Grande"]
[Date "2008.02.17"]
[Round "2"]
[White "Babaev, Rashad"]
[Black "Medghoul, Sherif"]
[Result "1-0"]
[WhiteElo "2468"]
[BlackElo "2231"]
[PlyCount "47"]
[EventDate "2008.02.16"]
[EventType "swiss"]
[EventRounds "9"]
[EventCountry "FRA"]
[SourceTitle "CBM 122 Extra"]
[Source "ChessBase"]
[SourceDate "2008.03.04"]
[SourceVersion "1"]
[SourceVersionDate "2008.03.04"]
[SourceQuality "1"]

1. e4 e6 2. d4 d5 3. Nd2 Nf6 4. e5 Nfd7 5. Bd3 c5 6. c3 Nc6 7. Ngf3 g6 8. h4 Qb6 9. h5 g5 10. Nxg5 cxd4 11. cxd4 Qxd4 12. Ndf3 Qb4+ 13. Bd2 Qxb2 14. Bxh7 Ndxe5 15. Rb1 Qxa2 16. Nxe5 Nxe5 17. Bc3 Bg7 18. 0-0 Qc4 19. h6 Bf6 20. Bxe5 Bxe5 21. Qh5 Rxh7 22. Nxh7 Bf4 23. Nf6+ Ke7 24. h7 1-0

[Event "FRA-chT2 North 0607"]
[Site "France"]
[Date "2006.12.10"]
[Round "4.3"]
[White "Dussart, Frederic"]
[Black "Medghoul, Sherif"]
[Result "0-1"]
[WhiteElo "2298"]
[BlackElo "2266"]
[PlyCount "82"]
[EventDate "2006.10.15"]
[EventType "team"]
[EventRounds "11"]
[EventCountry "FRA"]
[SourceTitle "EXT 2008"]
[Source "ChessBase"]
[SourceDate "2007.11.25"]
[SourceVersion "1"]
[SourceVersionDate "2007.11.25"]
[SourceQuality "1"]
[WhiteTeam "Bagneux"]
[BlackTeam "Maromme"]
[WhiteTeamCountry "FRA"]
[BlackTeamCountry "FRA"]

1. e4 e6 2. d4 d5 3. Nc3 Nf6 4. Bg5 Bb4 5. e5 h6 6. Bd2 Bxc3 7. bxc3 Ne4 8. Qg4 g6 9. Bd3 Nxd2 10. Kxd2 c5 11. Qf4 Nc6 12. h4 cxd4 13. cxd4 Qa5+ 14. c3 b6 15. h5 gxh5 16. Ne2 Ba6 17. Qf6 Rf8 18. Nf4 Bxd3 19. Kxd3 Rc8 20. Rhc1 Qa3 21. Ne2 Rg8 22. g3 Rg4 23. f3 Rg6 24. Qh4 Rg5 25. Ke3 Nxe5 26. dxe5 Rxe5+ 27. Kf2 Rc4 28. Qf6 Qc5+ 29. Kf1 Qe3 30. Re1 Rf5 31. Qh8+ Ke7 32. f4 Qf3+ 33. Kg1 h4 34. Qxh6 Rh5 35. Qxh5 Qxh5 36. gxh4 Qg4+ 37. Kf2 Qxh4+ 38. Ke3 Re4+ 39. Kd3 Qf2 40. a4 Re3+ 41. Kd2 d4 0-1

[Event "FRA-chT2 0405"]
[Site "France"]
[Date "2004.11.06"]
[Round "2.2"]
[White "Mullon, Jean Baptiste"]
[Black "Medghoul, Sherif"]
[Result "1-0"]
[WhiteElo "2330"]
[BlackElo "2177"]
[PlyCount "105"]
[EventDate "2004.10.10"]
[EventType "team"]
[EventRounds "11"]
[EventCountry "FRA"]
[SourceTitle "EXT 2006"]
[Source "ChessBase"]
[SourceDate "2005.11.24"]
[SourceVersion "1"]
[SourceVersionDate "2005.11.24"]
[SourceQuality "1"]
[WhiteTeam "Clichy  II"]
[BlackTeam "Maromme"]
[WhiteTeamCountry "FRA"]
[BlackTeamCountry "FRA"]

1. e4 e6 2. d4 d5 3. Nd2 Nf6 4. Bd3 c5 5. e5 Nfd7 6. c3 Nc6 7. Ne2 cxd4 8. cxd4 f6 9. exf6 Nxf6 10. Nf3 Qc7 11. Bf4 Bb4+ 12. Kf1 Bd6 13. Bxd6 Qxd6 14. Nc3 0-0 15. Qe2 Bd7 16. Nb5 Qe7 17. Re1 Rac8 18. Nc3 Qb4 19. a3 Qb6 20. Rd1 Be8 21. h3 Bf7 22. Kg1 Rce8 23. b4 Qc7 24. Nb5 Qb6 25. Ne5 a6 26. Nxf7 Rxf7 27. Nd6 Nxd4 28. Qe5 Nd7 29. Bxh7+ Kf8 30. Qxd4 Qxd6 31. g3 Rc8 32. Kg2 e5 33. Qxd5 Qxd5+ 34. Rxd5 Nf6 35. Bf5 Nxd5 36. Bxc8 Rc7 37. Bf5 Rc3 38. Be4 Ne7 39. Bxb7 Rxa3 40. Re1 a5 41. b5 Rb3 42. Bc6 Nxc6 43. bxc6 Rc3 44. Rxe5 a4 45. Ra5 Rxc6 46. Rxa4 Kf7 47. h4 Kf6 48. Kh3 Rb6 49. Kg4 Rb5 50. Ra6+ Kf7 51. f4 g6 52. Ra7+ Kg8 53. Re7 1-0

[Event "Dieppe op 1st"]
[Site "Dieppe"]
[Date "2000.??.??"]
[Round "5"]
[White "Zerbib, Claude"]
[Black "Medghoul, Sherif"]
[Result "1/2-1/2"]
[WhiteElo "1860"]
[BlackElo "2100"]
[PlyCount "93"]
[EventDate "2000.08.??"]
[EventType "swiss"]
[EventRounds "7"]
[EventCountry "FRA"]
[SourceTitle "EXT 2005"]
[Source "ChessBase"]
[SourceDate "2004.11.15"]
[SourceVersion "1"]
[SourceVersionDate "2004.11.15"]
[SourceQuality "1"]

1. e4 c6 2. d4 d5 3. Nc3 dxe4 4. Bc4 Nf6 5. f3 e3 6. Bxe3 e6 7. Nge2 Nd5 8. Qd2 Nxe3 9. Qxe3 Be7 10. 0-0 0-0 11. Rfe1 Nd7 12. Rad1 Nb6 13. Bd3 Nd5 14. Nxd5 cxd5 15. c4 dxc4 16. Bxc4 Qb6 17. Qb3 Qxb3 18. Bxb3 Bf6 19. Nf4 Rd8 20. d5 Bxb2 21. dxe6 Bxe6 22. Nxe6 fxe6 23. Bxe6+ Kf8 24. Rd7 Rxd7 25. Bxd7 Rd8 26. Rd1 b5 27. Rd5 Ke7 28. Bc6 Rxd5 29. Bxd5 Kd6 30. Bg8 h6 31. Kf2 Ke5 32. h4 Kd4 33. Ke2 Kc3 34. g4 Bc1 35. h5 a5 36. Bf7 Kb2 37. Kd3 Bg5 38. Ke4 Bd2 39. f4 a4 40. Kf5 b4 41. g5 hxg5 42. fxg5 b3 43. Bxb3 axb3 44. axb3 Kxb3 45. Kg6 Bc3 46. h6 gxh6 47. gxh6 1/2-1/2